Statistics for Countries With The Heaviest People In The Americas

Click here to take the quiz!

General Stats

  • This quiz has been taken 18 times
  • The average score is 11 of 12

Answer Stats

WeightCountry% Correct
85.7 kgArgentina
100%
87.3 kgCanada
100%
80.7 kgDominica
100%
79.3 kgMexico
100%
91.1 kgSaint Lucia
100%
90.6 kgUnited States
100%
82.8 kgBrazil
93%
81.7 kgChile
93%
79.5 kgGrenada
93%
79.8 kgVenezuela
93%
88.7 kgAntigua and Barbuda
86%
84.4 kgUruguay
79%

Score Distribution

Percentile by Number Answered

Percent of People with Each Score

Your Score History

You have not taken this quiz